<?xml version="1.0" encoding="UTF-8"?>
<record
    xmlns:xsi="http://www.w3.org/2001/XMLSchema-instance"
    xsi:schemaLocation="http://www.loc.gov/MARC21/slim http://www.loc.gov/standards/marcxml/schema/MARC21slim.xsd"
    xmlns="http://www.loc.gov/MARC21/slim">

  <leader>04766nam0a2200481   4500</leader>
  <controlfield tag="001">RU\NLR\BIBL_A\012903132</controlfield>
  <controlfield tag="005">20230126160258.0</controlfield>
  <datafield tag="010" ind1=" " ind2=" ">
    <subfield code="a">978-5-9215-0380-9</subfield>
    <subfield code="9">500</subfield>
  </datafield>
  <datafield tag="021" ind1=" " ind2=" ">
    <subfield code="a">RU</subfield>
    <subfield code="b">&#x41A;&#x41D;-&#x41F;-22-055294</subfield>
    <subfield code="9">&#x41A;&#x41D;-&#x41F;-22-4795</subfield>
  </datafield>
  <datafield tag="035" ind1=" " ind2=" ">
    <subfield code="a">(NLR Aleph) 012903132</subfield>
  </datafield>
  <datafield tag="035" ind1=" " ind2=" ">
    <subfield code="a">(RuMoRGB)011182422</subfield>
  </datafield>
  <datafield tag="090" ind1=" " ind2=" ">
    <subfield code="a">12588114</subfield>
    <subfield code="c">12588114</subfield>
  </datafield>
  <datafield tag="100" ind1=" " ind2=" ">
    <subfield code="a">20221005d2014    k  y0rusy50      ca</subfield>
  </datafield>
  <datafield tag="101" ind1="0" ind2=" ">
    <subfield code="a">rus</subfield>
    <subfield code="a">eng</subfield>
  </datafield>
  <datafield tag="102" ind1=" " ind2=" ">
    <subfield code="a">RU</subfield>
  </datafield>
  <datafield tag="105" ind1=" " ind2=" ">
    <subfield code="a">a   zj  000zy</subfield>
  </datafield>
  <datafield tag="181" ind1=" " ind2="0">
    <subfield code="a">i </subfield>
    <subfield code="b">axxe  </subfield>
  </datafield>
  <datafield tag="182" ind1=" " ind2="0">
    <subfield code="a">n</subfield>
  </datafield>
  <datafield tag="200" ind1="1" ind2=" ">
    <subfield code="a">&#x420;&#x430;&#x437;&#x440;&#x430;&#x431;&#x43E;&#x442;&#x43A;&#x430; &#x43A;&#x432;&#x430;&#x43B;&#x438;&#x444;&#x438;&#x43A;&#x430;&#x446;&#x438;&#x43E;&#x43D;&#x43D;&#x44B;&#x445; &#x440;&#x430;&#x43C;&#x43E;&#x43A; &#x434;&#x43B;&#x44F; &#x437;&#x435;&#x43C;&#x43B;&#x435;&#x443;&#x441;&#x442;&#x440;&#x43E;&#x439;&#x441;&#x442;&#x432;&#x430;</subfield>
    <subfield code="d">Elaboration of qualification frameworks for land management</subfield>
    <subfield code="e">&#x430;&#x43D;&#x430;&#x43B;&#x438;&#x442;&#x438;&#x447;&#x435;&#x441;&#x43A;&#x438;&#x439; &#x43E;&#x431;&#x437;&#x43E;&#x440;</subfield>
    <subfield code="e">&#x438;&#x43D;&#x444;&#x43E;&#x440;&#x43C;&#x430;&#x446;&#x438;&#x43E;&#x43D;&#x43D;&#x43E;-&#x43C;&#x435;&#x442;&#x43E;&#x434;&#x438;&#x447;&#x435;&#x441;&#x43A;&#x438;&#x435; &#x43C;&#x430;&#x442;&#x435;&#x440;&#x438;&#x430;&#x43B;&#x44B;, &#x43F;&#x440;&#x435;&#x434;&#x43D;&#x430;&#x437;&#x43D;&#x430;&#x447;&#x435;&#x43D;&#x43D;&#x44B;&#x435; &#x434;&#x43B;&#x44F; &#x438;&#x441;&#x43F;&#x43E;&#x43B;&#x44C;&#x437;&#x43E;&#x432;&#x430;&#x43D;&#x438;&#x44F; &#x43F;&#x440;&#x43E;&#x444;&#x435;&#x441;&#x441;&#x43E;&#x440;&#x441;&#x43A;&#x43E;-&#x43F;&#x440;&#x435;&#x43F;&#x43E;&#x434;&#x430;&#x432;&#x430;&#x442;&#x435;&#x43B;&#x44C;&#x441;&#x43A;&#x438;&#x43C; &#x441;&#x43E;&#x441;&#x442;&#x430;&#x432;&#x43E;&#x43C; &#x438; &#x430;&#x434;&#x43C;&#x438;&#x43D;&#x438;&#x441;&#x442;&#x440;&#x430;&#x446;&#x438;&#x435;&#x439; &#x432;&#x443;&#x437;&#x43E;&#x432;, &#x440;&#x435;&#x430;&#x43B;&#x438;&#x437;&#x443;&#x44E;&#x449;&#x438;&#x445; &#x43E;&#x431;&#x440;&#x430;&#x437;&#x43E;&#x432;&#x430;&#x442;&#x435;&#x43B;&#x44C;&#x43D;&#x44B;&#x435; &#x43F;&#x440;&#x43E;&#x433;&#x440;&#x430;&#x43C;&#x43C;&#x44B; &#x432;&#x44B;&#x441;&#x448;&#x435;&#x433;&#x43E; &#x43F;&#x440;&#x43E;&#x444;&#x435;&#x441;&#x441;&#x438;&#x43E;&#x43D;&#x430;&#x43B;&#x44C;&#x43D;&#x43E;&#x433;&#x43E; &#x43E;&#x431;&#x440;&#x430;&#x437;&#x43E;&#x432;&#x430;&#x43D;&#x438;&#x44F; &#x432; &#x43E;&#x431;&#x43B;&#x430;&#x441;&#x442;&#x438; &#x437;&#x435;&#x43C;&#x43B;&#x435;&#x443;&#x441;&#x442;&#x440;&#x43E;&#x439;&#x441;&#x442;&#x432;&#x430; &#x438; &#x43A;&#x430;&#x434;&#x430;&#x441;&#x442;&#x440;&#x43E;&#x432;</subfield>
    <subfield code="f">&#x415;. &#x41C;. &#x427;&#x435;&#x43F;&#x443;&#x440;&#x438;&#x43D;, &#x43F;&#x440;&#x43E;&#x444;&#x435;&#x441;&#x441;&#x43E;&#x440;, &#x43A;&#x430;&#x43D;&#x434;&#x438;&#x434;&#x430;&#x442; &#x44D;&#x43A;&#x43E;&#x43D;&#x43E;&#x43C;&#x438;&#x447;&#x435;&#x441;&#x43A;&#x438;&#x445; &#x43D;&#x430;&#x443;&#x43A;, &#x410;. &#x410;. &#x41C;&#x443;&#x440;&#x430;&#x448;&#x435;&#x432;&#x430;, &#x43F;&#x440;&#x43E;&#x444;&#x435;&#x441;&#x441;&#x43E;&#x440;, &#x434;&#x43E;&#x43A;&#x442;&#x43E;&#x440; &#x44D;&#x43A;&#x43E;&#x43D;&#x43E;&#x43C;&#x438;&#x447;&#x435;&#x441;&#x43A;&#x438;&#x445; &#x43D;&#x430;&#x443;&#x43A;, &#x421;&#x442;&#x435;&#x444;&#x430;&#x43D; &#x418;&#x433;&#x43D;&#x430;&#x440;, &#x43F;&#x440;&#x43E;&#x444;&#x435;&#x441;&#x441;&#x43E;&#x440; &#x412;&#x430;&#x440;&#x448;&#x430;&#x432;&#x441;&#x43A;&#x43E;&#x433;&#x43E; &#x443;&#x43D;&#x438;&#x432;&#x435;&#x440;&#x441;&#x438;&#x442;&#x435;&#x442;&#x430; &#x43D;&#x430;&#x443;&#x43A; &#x43E; &#x436;&#x438;&#x437;&#x43D;&#x438; (&#x41F;&#x43E;&#x43B;&#x44C;&#x448;&#x430;) [&#x438; &#x434;&#x440;.]</subfield>
    <subfield code="g">co-funded by the Tempus programme of the European Union, &#x41F;&#x440;&#x43E;&#x435;&#x43A;&#x442; Tempus IV 530690-TEMPUS-1-2012-1-PL-TEMPUS-SMHES "&#x420;&#x430;&#x437;&#x440;&#x430;&#x431;&#x43E;&#x442;&#x43A;&#x430; &#x43A;&#x432;&#x430;&#x43B;&#x438;&#x444;&#x438;&#x43A;&#x430;&#x446;&#x438;&#x43E;&#x43D;&#x43D;&#x44B;&#x445; &#x440;&#x430;&#x43C;&#x43E;&#x43A; &#x434;&#x43B;&#x44F; &#x437;&#x435;&#x43C;&#x43B;&#x435;&#x443;&#x441;&#x442;&#x440;&#x43E;&#x439;&#x441;&#x442;&#x432;&#x430; &#x432; &#x420;&#x43E;&#x441;&#x441;&#x438;&#x439;&#x441;&#x43A;&#x438;&#x445; &#x443;&#x43D;&#x438;&#x432;&#x435;&#x440;&#x441;&#x438;&#x442;&#x435;&#x442;&#x430;&#x445; ELFRUS"</subfield>
    <subfield code="z">eng</subfield>
  </datafield>
  <datafield tag="203" ind1=" " ind2=" ">
    <subfield code="a">&#x422;&#x435;&#x43A;&#x441;&#x442;</subfield>
    <subfield code="b">&#x432;&#x438;&#x437;&#x443;&#x430;&#x43B;&#x44C;&#x43D;&#x44B;&#x439;</subfield>
    <subfield code="c">&#x43D;&#x435;&#x43F;&#x43E;&#x441;&#x440;&#x435;&#x434;&#x441;&#x442;&#x432;&#x435;&#x43D;&#x43D;&#x44B;&#x439;</subfield>
  </datafield>
  <datafield tag="210" ind1=" " ind2=" ">
    <subfield code="a">&#x41C;&#x43E;&#x441;&#x43A;&#x432;&#x430;</subfield>
    <subfield code="c">&#x440;&#x435;&#x434;&#x430;&#x43A;&#x446;&#x438;&#x43E;&#x43D;&#x43D;&#x43E;-&#x438;&#x437;&#x434;&#x430;&#x442;&#x435;&#x43B;&#x44C;&#x441;&#x43A;&#x438;&#x439; &#x43E;&#x442;&#x434;&#x435;&#x43B; &#x413;&#x423;&#x417;</subfield>
    <subfield code="d">2014</subfield>
  </datafield>
  <datafield tag="215" ind1=" " ind2=" ">
    <subfield code="a">112 &#x441;.</subfield>
    <subfield code="c">&#x438;&#x43B;., &#x442;&#x430;&#x431;&#x43B;.</subfield>
    <subfield code="d">20</subfield>
  </datafield>
  <datafield tag="225" ind1="1" ind2=" ">
    <subfield code="a">&#x421;&#x435;&#x440;&#x438;&#x44F; "&#x41C;&#x435;&#x442;&#x43E;&#x434;&#x438;&#x447;&#x435;&#x441;&#x43A;&#x438;&#x435; &#x43F;&#x43E;&#x441;&#x43E;&#x431;&#x438;&#x44F; &#x438; &#x438;&#x43D;&#x444;&#x43E;&#x440;&#x43C;&#x430;&#x446;&#x438;&#x43E;&#x43D;&#x43D;&#x44B;&#x435; &#x43C;&#x430;&#x442;&#x435;&#x440;&#x438;&#x430;&#x43B;&#x44B;"</subfield>
    <subfield code="d">Series "Methodical manuals and information materials"</subfield>
    <subfield code="v">&#x432;&#x44B;&#x43F;. 1</subfield>
    <subfield code="z">eng</subfield>
  </datafield>
  <datafield tag="300" ind1=" " ind2=" ">
    <subfield code="a">&#x410;&#x432;&#x442;. &#x443;&#x43A;&#x430;&#x437;&#x430;&#x43D;&#x44B; &#x43D;&#x430; &#x43E;&#x431;&#x43E;&#x440;&#x43E;&#x442;&#x435; &#x442;&#x438;&#x442;. &#x441;.</subfield>
  </datafield>
  <datafield tag="300" ind1=" " ind2=" ">
    <subfield code="a">&#x427;&#x430;&#x441;&#x442;&#x44C; &#x442;&#x435;&#x43A;&#x441;&#x442;&#x430; &#x43F;&#x430;&#x440;&#x430;&#x43B;.: &#x440;&#x443;&#x441;., &#x430;&#x43D;&#x433;&#x43B;.</subfield>
  </datafield>
  <datafield tag="320" ind1=" " ind2=" ">
    <subfield code="a">&#x411;&#x438;&#x431;&#x43B;&#x438;&#x43E;&#x433;&#x440;.: &#x441;. 109-110 (20 &#x43D;&#x430;&#x437;&#x432;.)</subfield>
  </datafield>
  <datafield tag="330" ind1=" " ind2=" ">
    <subfield code="a">&#x410;&#x43D;&#x430;&#x43B;&#x438;&#x442;&#x438;&#x447;&#x435;&#x441;&#x43A;&#x438;&#x439; &#x43E;&#x431;&#x437;&#x43E;&#x440; "&#x420;&#x430;&#x437;&#x440;&#x430;&#x431;&#x43E;&#x442;&#x43A;&#x430; &#x43A;&#x432;&#x430;&#x43B;&#x438;&#x444;&#x438;&#x43A;&#x430;&#x446;&#x438;&#x43E;&#x43D;&#x43D;&#x44B;&#x445; &#x440;&#x430;&#x43C;&#x43E;&#x43A; &#x434;&#x43B;&#x44F; &#x437;&#x435;&#x43C;&#x43B;&#x435;&#x443;&#x441;&#x442;&#x440;&#x43E;&#x439;&#x441;&#x442;&#x432;&#x430;" &#x44F;&#x432;&#x43B;&#x44F;&#x435;&#x442;&#x441;&#x44F; &#x43F;&#x435;&#x440;&#x432;&#x43E;&#x439; (&#x412;&#x44B;&#x43F;&#x443;&#x441;&#x43A; 1) &#x438;&#x437; &#x442;&#x440;&#x435;&#x445; &#x431;&#x440;&#x43E;&#x448;&#x44E;&#x440; &#x432; &#x441;&#x435;&#x440;&#x438;&#x438;: "&#x41C;&#x435;&#x442;&#x43E;&#x434;&#x438;&#x447;&#x435;&#x441;&#x43A;&#x438;&#x435; &#x43F;&#x43E;&#x441;&#x43E;&#x431;&#x438;&#x44F; &#x438; &#x438;&#x43D;&#x444;&#x43E;&#x440;&#x43C;&#x430;&#x446;&#x438;&#x43E;&#x43D;&#x43D;&#x44B;&#x435; &#x43C;&#x430;&#x442;&#x435;&#x440;&#x438;&#x430;&#x43B;&#x44B;", &#x43F;&#x440;&#x435;&#x434;&#x43D;&#x430;&#x437;&#x43D;&#x430;&#x447;&#x435;&#x43D;&#x43D;&#x43E;&#x439; &#x434;&#x43B;&#x44F; &#x43F;&#x440;&#x435;&#x43F;&#x43E;&#x434;&#x430;&#x432;&#x430;&#x442;&#x435;&#x43B;&#x435;&#x439; &#x438; &#x441;&#x43E;&#x442;&#x440;&#x443;&#x434;&#x43D;&#x438;&#x43A;&#x43E;&#x432; &#x432;&#x443;&#x437;&#x43E;&#x432;, &#x43E;&#x441;&#x443;&#x449;&#x435;&#x441;&#x442;&#x432;&#x43B;&#x44F;&#x44E;&#x449;&#x438;&#x445; &#x43F;&#x43E;&#x434;&#x433;&#x43E;&#x442;&#x43E;&#x432;&#x43A;&#x443; &#x441;&#x43F;&#x435;&#x446;&#x438;&#x430;&#x43B;&#x438;&#x441;&#x442;&#x43E;&#x432; &#x432; &#x43E;&#x431;&#x43B;&#x430;&#x441;&#x442;&#x438; &#x437;&#x435;&#x43C;&#x43B;&#x435;&#x443;&#x441;&#x442;&#x440;&#x43E;&#x439;&#x441;&#x442;&#x432;&#x430; &#x438; &#x43A;&#x430;&#x434;&#x430;&#x441;&#x442;&#x440;&#x43E;&#x432;. &#x412; &#x43D;&#x435;&#x43C; &#x440;&#x430;&#x441;&#x441;&#x43C;&#x430;&#x442;&#x440;&#x438;&#x432;&#x430;&#x44E;&#x442;&#x441;&#x44F; &#x430;&#x43A;&#x442;&#x443;&#x430;&#x43B;&#x44C;&#x43D;&#x44B;&#x435; &#x432;&#x43E;&#x43F;&#x440;&#x43E;&#x441;&#x44B; &#x440;&#x430;&#x437;&#x440;&#x430;&#x431;&#x43E;&#x442;&#x43A;&#x438; &#x43A;&#x432;&#x430;&#x43B;&#x438;&#x444;&#x438;&#x43A;&#x430;&#x446;&#x438;&#x43E;&#x43D;&#x43D;&#x44B;&#x445; &#x440;&#x430;&#x43C;&#x43E;&#x43A;, &#x430;&#x43D;&#x430;&#x43B;&#x438;&#x437;&#x438;&#x440;&#x443;&#x44E;&#x442;&#x441;&#x44F; &#x43F;&#x443;&#x442;&#x438;, &#x434;&#x43E;&#x43A;&#x443;&#x43C;&#x435;&#x43D;&#x442;&#x44B;, &#x43E;&#x43F;&#x44B;&#x442; &#x440;&#x430;&#x437;&#x440;&#x430;&#x431;&#x43E;&#x442;&#x43E;&#x43A; &#x438; &#x43F;&#x440;&#x435;&#x434;&#x43B;&#x430;&#x433;&#x430;&#x44E;&#x442;&#x441;&#x44F; &#x440;&#x435;&#x43A;&#x43E;&#x43C;&#x435;&#x43D;&#x434;&#x430;&#x446;&#x438;&#x438; &#x43F;&#x43E; &#x438;&#x445; &#x440;&#x430;&#x437;&#x440;&#x430;&#x431;&#x43E;&#x442;&#x43A;&#x435;. &#x41E;&#x431;&#x437;&#x43E;&#x440; &#x43C;&#x43E;&#x436;&#x435;&#x442; &#x431;&#x44B;&#x442;&#x44C; &#x440;&#x435;&#x43A;&#x43E;&#x43C;&#x435;&#x43D;&#x434;&#x43E;&#x432;&#x430;&#x43D; &#x432; &#x43A;&#x430;&#x447;&#x435;&#x441;&#x442;&#x432;&#x435; &#x443;&#x447;&#x435;&#x431;&#x43D;&#x43E;&#x433;&#x43E; &#x43F;&#x43E;&#x441;&#x43E;&#x431;&#x438;&#x44F; &#x434;&#x43B;&#x44F; &#x43F;&#x440;&#x435;&#x43F;&#x43E;&#x434;&#x430;&#x432;&#x430;&#x442;&#x435;&#x43B;&#x435;&#x439;, &#x441;&#x442;&#x443;&#x434;&#x435;&#x43D;&#x442;&#x43E;&#x432; &#x438; &#x440;&#x430;&#x437;&#x440;&#x430;&#x431;&#x43E;&#x442;&#x447;&#x438;&#x43A;&#x43E;&#x432;</subfield>
  </datafield>
  <datafield tag="510" ind1="1" ind2=" ">
    <subfield code="a">Elaboration of qualification frameworks for land management</subfield>
    <subfield code="z">eng</subfield>
  </datafield>
  <datafield tag="606" ind1="1" ind2=" ">
    <subfield code="a">&#x412;&#x44B;&#x441;&#x448;&#x435;&#x435; &#x43E;&#x431;&#x440;&#x430;&#x437;&#x43E;&#x432;&#x430;&#x43D;&#x438;&#x435;</subfield>
    <subfield code="x">&#x420;&#x430;&#x43C;&#x43A;&#x438; &#x43A;&#x432;&#x430;&#x43B;&#x438;&#x444;&#x438;&#x43A;&#x430;&#x446;&#x438;&#x439;</subfield>
    <subfield code="x">&#x421;&#x43E;&#x441;&#x442;&#x430;&#x432;&#x43B;&#x435;&#x43D;&#x438;&#x435;</subfield>
    <subfield code="y">&#x420;&#x43E;&#x441;&#x441;&#x438;&#x439;&#x441;&#x43A;&#x430;&#x44F; &#x424;&#x435;&#x434;&#x435;&#x440;&#x430;&#x446;&#x438;&#x44F;</subfield>
    <subfield code="j">&#x420;&#x443;&#x43A;&#x43E;&#x432;&#x43E;&#x434;&#x441;&#x442;&#x432;&#x430;, &#x43F;&#x43E;&#x441;&#x43E;&#x431;&#x438;&#x44F; &#x438; &#x442;.&#x43F;</subfield>
    <subfield code="2">nlr_sh2</subfield>
    <subfield code="3">RU\NLR\AUTH\6601593080</subfield>
  </datafield>
  <datafield tag="606" ind1="1" ind2=" ">
    <subfield code="a">&#x417;&#x435;&#x43C;&#x43B;&#x435;&#x443;&#x441;&#x442;&#x440;&#x43E;&#x439;&#x441;&#x442;&#x432;&#x43E;</subfield>
    <subfield code="x">&#x41A;&#x430;&#x434;&#x440;&#x44B;</subfield>
    <subfield code="x">&#x41F;&#x43E;&#x434;&#x433;&#x43E;&#x442;&#x43E;&#x432;&#x43A;&#x430;</subfield>
    <subfield code="j">&#x420;&#x443;&#x43A;&#x43E;&#x432;&#x43E;&#x434;&#x441;&#x442;&#x432;&#x430;, &#x43F;&#x43E;&#x441;&#x43E;&#x431;&#x438;&#x44F; &#x438; &#x442;.&#x43F;</subfield>
    <subfield code="2">nlr_sh1</subfield>
    <subfield code="2">nlr_sh2</subfield>
    <subfield code="3">RU\NLR\AUTH\661323745</subfield>
  </datafield>
  <datafield tag="675" ind1=" " ind2=" ">
    <subfield code="a">332.3(075.8)</subfield>
    <subfield code="v">4</subfield>
  </datafield>
  <datafield tag="686" ind1="1" ind2=" ">
    <subfield code="a">&#x427;484(2&#x420;)&#x43F;2&#x44F;7</subfield>
  </datafield>
  <datafield tag="686" ind1="1" ind2=" ">
    <subfield code="a">&#x427;488.84(2&#x420;)&#x44F;7</subfield>
  </datafield>
  <datafield tag="701" ind1=" " ind2="1">
    <subfield code="a">&#x427;&#x435;&#x43F;&#x443;&#x440;&#x438;&#x43D;</subfield>
    <subfield code="b">&#x415;. &#x41C;.</subfield>
    <subfield code="g">&#x415;&#x432;&#x433;&#x435;&#x43D;&#x438;&#x439; &#x41C;&#x438;&#x445;&#x430;&#x439;&#x43B;&#x43E;&#x432;&#x438;&#x447;</subfield>
  </datafield>
  <datafield tag="701" ind1=" " ind2="1">
    <subfield code="a">&#x41C;&#x443;&#x440;&#x430;&#x448;&#x435;&#x432;&#x430;</subfield>
    <subfield code="b">&#x410;. &#x410;.</subfield>
    <subfield code="g">&#x410;&#x43B;&#x43B;&#x430; &#x410;&#x43D;&#x434;&#x440;&#x435;&#x435;&#x432;&#x43D;&#x430;</subfield>
  </datafield>
  <datafield tag="701" ind1=" " ind2="1">
    <subfield code="a">&#x418;&#x433;&#x43D;&#x430;&#x440;</subfield>
    <subfield code="b">&#x421;.</subfield>
    <subfield code="g">&#x421;&#x442;&#x435;&#x444;&#x430;&#x43D;</subfield>
  </datafield>
  <datafield tag="712" ind1="0" ind2="2">
    <subfield code="a">"&#x420;&#x430;&#x437;&#x440;&#x430;&#x431;&#x43E;&#x442;&#x43A;&#x430; &#x43A;&#x432;&#x430;&#x43B;&#x438;&#x444;&#x438;&#x43A;&#x430;&#x446;&#x438;&#x43E;&#x43D;&#x43D;&#x44B;&#x445; &#x440;&#x430;&#x43C;&#x43E;&#x43A; &#x434;&#x43B;&#x44F; &#x437;&#x435;&#x43C;&#x43B;&#x435;&#x443;&#x441;&#x442;&#x440;&#x43E;&#x439;&#x441;&#x442;&#x432;&#x430; &#x432; &#x440;&#x43E;&#x441;&#x441;&#x438;&#x439;&#x441;&#x43A;&#x438;&#x445; &#x443;&#x43D;&#x438;&#x432;&#x435;&#x440;&#x441;&#x438;&#x442;&#x435;&#x442;&#x430;&#x445; ELFRUS", &#x43F;&#x440;&#x43E;&#x435;&#x43A;&#x442; &#x422;&#x435;&#x43C;&#x43F;&#x443;&#x441; IV 530690-TEMPUS-1-2012-1-PL-TEMPUS-SMHES</subfield>
    <subfield code="3">RU\NLR\AUTH\880397428</subfield>
    <subfield code="4">570</subfield>
  </datafield>
  <datafield tag="942" ind1=" " ind2=" ">
    <subfield code="c">BOOK</subfield>
  </datafield>
  <datafield tag="980" ind1=" " ind2=" ">
    <subfield code="a">NBR</subfield>
  </datafield>
  <datafield tag="980" ind1=" " ind2=" ">
    <subfield code="a">NB</subfield>
  </datafield>
</record>
